The making of terrorism in Pakistan : (Record no. 14851)

000 -LEADER
fixed length control field 01090cam a2200313 a 4500
001 - CONTROL NUMBER
control field 17346840
005 - DATE AND TIME OF LATEST TRANSACTION
control field 20170105102905.0
008 - FIXED-LENGTH DATA ELEMENTS--GENERAL INFORMATION
fixed length control field 120614s2013 nyub b 001 0 eng
010 ## - LIBRARY OF CONGRESS CONTROL NUMBER
LC control number 2012022074
020 ## - INTERNATIONAL STANDARD BOOK NUMBER
International Standard Book Number 9780415565264 (hardback)
020 ## - INTERNATIONAL STANDARD BOOK NUMBER
International Standard Book Number 9780203861691 (ebook)
040 ## - CATALOGING SOURCE
Original cataloging agency DLC
Transcribing agency DLC
042 ## - AUTHENTICATION CODE
Authentication code pcc
043 ## - GEOGRAPHIC AREA CODE
Geographic area code a-pk---
050 00 - LIBRARY OF CONGRESS CALL NUMBER
Classification number HV6433.P18
Item number M87 2013
082 00 - DEWEY DECIMAL CLASSIFICATION NUMBER
Classification number 363.325095491
Edition number 23
100 1# - MAIN ENTRY--PERSONAL NAME
Personal name Murphy, Eamon.
245 14 - TITLE STATEMENT
Title The making of terrorism in Pakistan :
Remainder of title historical and social roots of extremism /
Statement of responsibility, etc. Eamon Murphy.
260 ## - PUBLICATION, DISTRIBUTION, ETC.
Place of publication, distribution, etc. New York :
Name of publisher, distributor, etc. Routledge,
Date of publication, distribution, etc. 2013.
300 ## - PHYSICAL DESCRIPTION
Extent xiii, 218 p. ;
Other physical details maps ;
Dimensions 25 cm.
490 0# - SERIES STATEMENT
Series statement Critical terrorism studies
504 ## - BIBLIOGRAPHY, ETC. NOTE
Bibliography, etc. note Includes bibliographical references (p. [197]-210) and index.
650 #0 - SUBJECT ADDED ENTRY--TOPICAL TERM
Topical term or geographic name entry element Terrorism
Geographic subdivision Pakistan.
650 #0 - SUBJECT ADDED ENTRY--TOPICAL TERM
Topical term or geographic name entry element Islam and politics
Geographic subdivision Pakistan.
651 #0 - SUBJECT ADDED ENTRY--GEOGRAPHIC NAME
Geographic name Pakistan
General subdivision Politics and government.
906 ## - LOCAL DATA ELEMENT F, LDF (RLIN)
a 7
b cbc
c orignew
d 1
e ecip
f 20
g y-gencatlg
942 ## - ADDED ENTRY ELEMENTS (KOHA)
Source of classification or shelving scheme
Koha item type Book
Holdings
Withdrawn status Lost status Damaged status Not for loan Collection code Permanent Location Current Location Shelving location Date acquired Total Checkouts Full call number Barcode Checked out Date last seen Date last checked out Price effective from Koha item type
          Centre for International Peace & Stability (CIPS) Centre for International Peace & Stability (CIPS) General Stacks 10/01/2013 1 363.325095491 MUR 2013 CIPS0001573 05/31/2025 01/31/2025 01/31/2025 10/22/2013 Book
© 2023 Central Library, National University of Sciences and Technology. All Rights Reserved.